• 首页
  • 本馆介绍
  • 公告通知
  • 最新文献
  • 馆藏检索
  • 电子资源
  • 读者导购
  • 参考咨询
  • 我的图书馆
  • 登录
  • 详细信息显示
  • 放入我的书架
  • 预约/预借图书
  • 作者相关作品
  • 分类相关作品
  • 丛书相关作品
  • 出版社相关作品

书目信息

  • 表格格式
  • 工作单格式
  • 卡片格式
题名:
中间体化学及工艺学
    
 
作者: 唐培堃 主编
分册:  
出版信息: 北京   化学工业出版社  1984
页数: 400页
开本: 21cm
丛书名:
单 册:
中图分类: TQ61
科图分类:
主题词: 染料--中间体--化学工业 , 染料 , 染料--化学工业
电子资源:
ISBN:
000 00704nam0 2200253 45
001 0184011317
005 20060104154726.59
010    @dCNY2.10
091    @a15063.3631
100    @a19950612d1984 em y0chiy0121 ea
101 0  @achi
102    @aCN@b110000
105    @ay z 000yy
200 10 @a中间体化学及工艺学@Azhong jian ti hua xue ji gong yi xue@f唐培堃主编@Ftang pei kun zhu bian
210    @a北京@c化学工业出版社@d1984
215    @a400页@d21cm
606 0  @a染料@x中间体@x化学工业
606 0  @a染料
606 0  @a染料@x化学工业
690    @aTQ61
701  0 @a唐培堃@Atang pei kun@4主编
801  0 @aCN@b上海图书馆@c20060104
801  2 @aCN@bNLC@c20051216
905    @f1@b136335@dTQ61@e5
    
    中间体化学及工艺学/唐培堃主编.-北京:化学工业出版社,1984
    400页;21cm
    
    
    ISBN :CNY2.10
    
●
相关链接 在E读中查询图书 在五车中查询图书 在当当中查询图书 在豆瓣中查询图书


正题名:中间体化学及工艺学     索取号:TQ61/5         预约/预借

序号 登录号 条形码 馆藏地/架位号 状态 备注
1 0136334   202184536   密集书库/ [索取号:TQ61/5] 在馆    
2 0136335   001480052   第二样本阅览室/ [索取号:TQ61/5] 在馆    
3 0136336   202169857   密集书库/ [索取号:TQ61/5] 在馆    
唐山师范学院图书馆 欢迎您!
大连网信软件有限公司© 版权所有